000 00491nam a2200157Ia 4500
999 _c5752
_d5752
003 OSt
005 20200131151702.0
008 190216s9999||||xx |||||||||||||| ||und||
040 _coclc
082 _a342.54029
_bBAS/I
100 _a Basu, Durga Das
_91713
245 0 _aIntroduction To The Constitution Of India /
_cDurga Das Basu
260 _bWadhwa & Company Publications,
_c1999.
_aNagpur:
300 _a489p
942 _cBK
_2ddc
_h342.54029
_iBAS/I
_k342.54029
_mBAS/I